|
|
|
|
| LEADER |
00000nab a2200000 a 4500 |
| 001 |
vtls001007491 |
| 003 |
SK-MaSNL |
| 005 |
20260319073847.0 |
| 008 |
040720e20000413xo 0 hun |
| 035 |
|
|
|a RV8091
|
| 040 |
|
|
|a RVGKPD
|b slo
|c RVGKPD
|e AACR2
|
| 041 |
0 |
|
|a slo
|
| 044 |
|
|
|a xo
|c SK
|
| 080 |
|
|
|a 78.087.682
|2 1981
|
| 245 |
0 |
0 |
|a Várják a régi tagokat is
|b Pelsöci Nöi Kórus
|
| 610 |
2 |
7 |
|a Pelsöci Nöi Kórus
|2 RVGKPD
|9 1024574
|
| 650 |
0 |
7 |
|a výročie založenia 25.
|2 RVGKPD
|9 458060
|
| 650 |
0 |
7 |
|a oslavy
|2 RVGKPD
|9 484766
|
| 651 |
|
7 |
|a Plešivec (Slovensko)
|2 RVGKPD
|9 29311
|
| 655 |
|
7 |
|a periodikum
|2 snkbucl
|9 29553
|
| 710 |
2 |
|
|a Pelsöci Nöi Kórus
|4 aut
|9 1024574
|
| 773 |
0 |
8 |
|t Új Szó
|g Roč. 53, č.87, 13.4.2000, s. 18
|
| 852 |
|
|
|a ZVYKNI
|b KIS3GCP
|
| 999 |
|
|
|c 1682297
|d 1684227
|